01985nam a2200397Ia 4500001001200000003000800012006001900020007001500039008004100054020001800095020001800113040002100131035002100152050002600173110013900199245024800338246006600586246010000652246007100752260006800823300002600891490004900917504004100966533015201007650004701159650005101206650005101257655002901308700002101337700001801358700001701376710001701393830003401410856012601444999001701570ebr10688718CaPaEBRm u cr cn|||||||||130502s2001 fr a sb 100 0 eng d z9782738009661 z9782759204953 aCaPaEBRcCaPaEBR a(OCoLC)84700148514aQP801.P38bI67 2001eb2 aInternational Commission for Plant-Bee Relationships.bBee Protection Group.bInternational Symposiumn(7th :d1999 :cAvignon France)10aHazards of Pesticides to Bees, Avignon (France), September 07-09, 1999h[electronic resource] :b7th International Symposium of the ICP-BR Bee Protection Group co-organised by INRA and ACTA /ceditors, L.P. Belzunces, C. Pelissier, G.P. Lewis.3 aSeventh International Symposium Hazards of Pesticides to Bees3 aHazards of pesticides to bees :b7th International Symposium of the ICP-BR Bee Protection Group3 aSeventh International Symposium of the ICP-BR Bee Protection Group aParis :bInstitut National de la Recherche Agronomique,cc2001. a308 p. :bill., maps.1 aLes Colloques de l'INRA,x0293-1915 ;vno 98 aIncludes bibliographical references. aElectronic reproduction.bPalo Alto, Calif. :cebrary,d2013.nAvailable via World Wide Web.nAccess may be limited to ebrary affiliated libraries. 0aBeesxEffect of pesticides onvCongresses. 0aHoneybeexEffect of pesticides onvCongresses. 0aPesticidesxEnvironmental aspectsvCongresses. 7aElectronic books.2local1 aBelzunces, L. P.1 aPelissier, C.1 aLewis, G. P.2 aebrary, Inc. 0aColloques de l'INRA ;vno 98.40uhttp://site.ebrary.com/lib/rucke/Doc?id=10688718zAn electronic book accessible through the World Wide Web; click to view c12123d12123